| 000 | 00522 a2200181 4500 | ||
|---|---|---|---|
| 000 | BKB | ||
| 001 | 070798 | ||
| 005 | 20200902150902.0 | ||
| 008 | |||
| 082 |
_a519.5 _bH71N |
||
| 100 | 1 | _aHollander, Myles | |
| 245 | 1 |
_aNonparametric statistical methods _cby Myles Hollander and Douglas A. Wolfe |
|
| 260 |
_aNew York _bJohn Wiley & Sons _c1999 |
||
| 300 | _a787p. | ||
| 690 | _aNonparametric statistics | ||
| 700 |
_aWolfe, Douglas A. _b _c |
||
| 964 |
_a _bENG _c _d _e _f _g |
||
| 999 |
_c4222 _d4222 |
||